| 000 | 00571ntaaa2200181 4500 | ||
|---|---|---|---|
| 003 | 01 | ||
| 005 | 20251027201119.0 | ||
| 008 | 0714s1973 ag 01 | ||
| 040 |
_aAR-BaBN _bspa _cAR-BaBN _eaacr _dRIC |
||
| 082 | _a207 Zo7v | ||
| 100 |
_aZorn, Herbert M. _98691 |
||
| 245 |
_aViability in context: a study of the financial viability in the third world, seedbed or sheltered garden? / _cHerbert M. Zorn |
||
| 250 | _a1 ed. | ||
| 260 |
_aKent : _bTheological Education Fund, _c1975 |
||
| 300 |
_axii, 108 p. ; _c24 cm. |
||
| 650 |
_aEducación Teológica _93999 |
||
| 942 | _cBK | ||
| 999 |
_c5301 _d5301 |
||